| 000 | 00359pab a2200157 454500 | ||
|---|---|---|---|
| 008 | 180718b1999 xxu||||| |||| 00| 0 eng d | ||
| 100 | _aGill, K.P.S. | ||
| 245 | _aPeace is the only option | ||
| 260 | _c1999 | ||
| 300 | _ap.6 | ||
| 362 | _a12 Jun | ||
| 650 | _aInternational relations | ||
| 650 | _aKargil conflict | ||
| 773 | _aPioneer | ||
| 909 | _a42336 | ||
| 999 |
_c42336 _d42336 |
||